000 00387nam a2200157Ia 4500
008 230524s9999 xx 000 0 und d
082 _a4
_bGRA
100 _aNeil Graham
_915020
245 0 _aProgramming and Problem Solving with Pascal
250 _a1ST
260 _aNEW DELHI
_bJaico
_c1992
300 _aXV;519
500 _aQuantity Number: 1
650 _aComp-Sc
942 _cBK
999 _c21440
_d21440